Writing for specific purpose

Bibliographic Details
Main Authors: McKay, Sandra (Author), Rosenthall, Lisa (Author)
Format: Book
Published: Englewood Cliffs, NJ : Prentice-Hall , c1980
Subjects:

MARC

LEADER 00000cam a2200000 7i4500
001 0000008787
005 20070822093000.0
008 021119s1980
020 |a 0139702695 
090 0 0 |a PE1128   |b .M25 
100 0 |a McKay, Sandra ,   |e author 
245 0 0 |a Writing for specific purpose   |c Sandra McKay, Lisa Rosenthall 
260 2 |a Englewood Cliffs, NJ :   |b Prentice-Hall ,   |c c1980 
300 |a 160 p. ; ;   |c 23 cm. 
650 0 |a English language   |v Textbooks for foreign speakers 
700 0 |a Rosenthall, Lisa ,   |e author 
999 |a 1000034933   |b Book   |c OPEN SHELF (30 DAYS)   |e Gong Badak Campus